| 000 | 00398nam a22001337a 4500 | ||
|---|---|---|---|
| 999 |
_c130831 _d130831 |
||
| 005 | 20230523105419.0 | ||
| 008 | 230523b ||||| |||| 00| 0 eng d | ||
| 040 | _cPK-LaUMT | ||
| 082 |
_a346.00264P _bCIV- |
||
| 245 |
_aCivil law cases [CLC, 2022, Vol.XLIV] / _cedited by Muhammad Wahaj Azhar and Kashif Mir Zubair |
||
| 260 |
_aLahore : _bPLD Publishers, _c2022 |
||
| 300 | _a3 vols. | ||
| 942 | _cBK | ||